Pokemon de la 2G par définitions Pokedex - Statistiques

Statistiques générales
  • Ce quiz a été pris 447 fois
  • Le résultat moyen est 13 sur 20
Statistiques - réponses
Descriptions Pokedex Pokemon % Correct
Si elle vient d'avoir un petit, son lait est bien plus nutritif que d'habitude. Ecremeuh
90%
Malgré sa petite taille, il peut électrocuter des adultes. Il se surprend lui-même en le faisant. Pichu
89%
Un liquide coule du bout de sa queue. Il peint avec ce fluide pour marquer son territoire. Queulorior
83%
Il paraît qu'il se réfugie au fond des océans car son pouvoir est beaucoup trop grand. Lugia
82%
Pour traquer leur proie, ils se localisent mutuellement avec des aboiements compris par eux seuls. Malosse
79%
Son corps plat et fin est toujours collé aux murs. On pense que sa forme a une signification. Zarbi
78%
Ses yeux sont masqués par ses poils. Il ne voit rien et se déplace en chargeant. Cochignon
70%
S'il est repéré, il fuit en creusant avec sa queue. Il peut léviter avec ses ailes. Insolourdo
67%
Quand il est furieux, il devientsi chaud que tout ce qui le touche s'enflamme instantanément. Typhlosion
67%
Ce puissant Pokemon court sans arrêt en crachant des flammes plus chaudes que du magma. Entei
66%
D'une main seulement il a assez de force pour faire trembler la terre et s'écrouler une montagne. Tyranocif
66%
Il étend ses pétales pour absorber la lumière du soleil. Il flotte pour se rapprocher du soleil. Floravol
65%
Son corps a été compressé sous la terre. Il est devenu plus résistant que le diamant. Steelix
63%
Il est connu pour être un symbole de chance. On dit que sa coquille est remplie de joie. Togepi
61%
Il vole droit vers le visage de sa cible effrayée et s'y accroche pour lui injecter son poison. Scorplane
56%
Bien qu'il ait l'air menaçant, il est gentil et très affectueux. Il est très populaire chez les femmes. Snubbull
56%
Il est très faible et a comme seule technique de défense un gigotement de feuilles nerveux. Tournegrin
49%
Il transporte de la nourriture toute la journée. Il porte secours aux égarés en leur donnant à manger. Cadoizo
44%
De nature agressive, il chasse les Roucool de leur nid et dévore les oeufs abandonnés. Farfuret
34%
Il est recouvert d'une membrane qui, à son seul contact, provoque une terrible douleur. Axoloto
25%
Aucun quiz correspondant
Distribution des résultats
% des personnes avec chaque résultat
Percentile par nombre de réponses
Votre historique - résultats
Vous n’avez pas pris ce quiz